Thermodynamics : (Record no. 8820)
[ view plain ]
| 000 -LEADER | |
|---|---|
| fixed length control field | 01161nam a2200313I 4500 |
| 001 - CONTROL NUMBER | |
| control field | 8820 |
| 003 - CONTROL NUMBER IDENTIFIER | |
| rucl marc code | BD-RjUL |
| 005 - DATE AND TIME OF LATEST TRANSACTION | |
| control field | 20211208234647.0 |
| 008 - FIXED-LENGTH DATA ELEMENTS--GENERAL INFORMATION | |
| fixed length control field | 190114s1963 maua 000 0 enge |
| 035 ## - SYSTEM CONTROL NUMBER | |
| System control number | MITb10234645 |
| System control number | (OCoLC)00758291 |
| System control number | (BD-RjUL)8865 |
| 040 ## - CATALOGING SOURCE | |
| Original cataloging agency | DLC |
| Transcribing agency | RWB |
| Modifying agency | m.c. |
| -- | SER |
| -- | MYG |
| -- | BD-RjUL |
| Language of cataloging | eng |
| 041 ## - LANGUAGE CODE | |
| Language code of text/sound track or separate title | eng |
| 082 ## - DEWEY DECIMAL CLASSIFICATION NUMBER | |
| Edition number | 536.7 |
| Author mark and year | LET |
| 090 ## - LOCALLY ASSIGNED LC-TYPE CALL NUMBER (OCLC); LOCAL CALL NUMBER (OCLC) | |
| Classification number (OCLC) (R) ; Classification number, CALL (RLIN) (NR) | TJ265 |
| Local cutter number (OCLC) ; Book number/undivided call number, CALL (RLIN) | .L478 1963 |
| 099 ## - LOCAL FREE-TEXT CALL NUMBER (OCLC) | |
| Bangla Class number | TJ265.L478 1963 |
| 100 1# - MAIN ENTRY--PERSONAL NAME | |
| Personal name | Lee, John F. |
| Fuller form of name | (John Francis), |
| Dates associated with a name | 1918- |
| 9 (RLIN) | 27418 |
| 245 10 - TITLE STATEMENT | |
| Title | Thermodynamics : |
| Remainder of title | an introductory text for engineering students / |
| Statement of responsibility, etc. | by John F. Lee and Francis Weston Sears. |
| 250 ## - EDITION STATEMENT | |
| Edition statement | 2d ed. |
| 260 ## - PUBLICATION, DISTRIBUTION, ETC. (IMPRINT) | |
| Place of publication, distribution, etc. | Reading, Mass.: |
| Name of publisher, distributor, etc. | Addison-Wesley Pub. Co., |
| Date of publication, distribution, etc. | [1963] |
| 300 ## - PHYSICAL DESCRIPTION | |
| Pagination | 622 p. : |
| Illustrations | ill. ; |
| Size | 24 cm. |
| 490 1# - SERIES STATEMENT | |
| Series statement | Addison-Wesley series in the engineering sciences |
| 650 #0 - SUBJECT ADDED ENTRY--TOPICAL TERM | |
| Topical term or geographic name as entry element | Thermodynamics. |
| 9 (RLIN) | 27419 |
| 700 1# - ADDED ENTRY--PERSONAL NAME | |
| Personal name | Sears, Francis Weston, |
| Dates associated with a name | 1898-1975. |
| 830 #0 - SERIES ADDED ENTRY--UNIFORM TITLE | |
| Uniform title | Addison-Wesley series in the engineering sciences. |
| 942 ## - ADDED ENTRY ELEMENTS (KOHA) | |
| Source of classification or shelving scheme | Dewey Decimal Classification |
| Koha item type | Books |
| 949 ## - LOCAL PROCESSING INFORMATION (OCLC) | |
| a | MYGE |
| b | 39080003035240 |
| -- | 39080003035232 |
| -- | 39080003035224 |
| -- | 39080003035216 |
| -- | 39080003035265 |
| a | MYGA |
| b | 39080003035364 |
| -- | 39080003035356 |
| -- | 39080003035257 |
| Lost status | Source of classification or shelving scheme | Damaged status | Not for loan | Collection code | Permanent Location | Current Location | Shelving location | Date acquired | Source of acquisition | Cost, normal purchase price | Total Checkouts | Full call number | Date last seen | Copy number | Koha item type |
|---|---|---|---|---|---|---|---|---|---|---|---|---|---|---|---|
| Dewey Decimal Classification | Non-fiction | Central Library, University of Rajshahi | Central Library, University of Rajshahi | 03/12/1973 | U.S.GOVT Gift | 0.00 | 536.7 LET 1963 | 19/01/2014 | C-4 | Books | |||||
| Dewey Decimal Classification | Not For Loan | Non-fiction | Central Library, University of Rajshahi | Central Library, University of Rajshahi | Reading Room | 03/12/1973 | U.S.Govt. | 536.7 LET 1963 | 09/05/2017 | C-1 | Books | ||||
| Dewey Decimal Classification | Non-fiction | Central Library, University of Rajshahi | Central Library, University of Rajshahi | 03/12/1973 | U.S. Govt. | 536.7 LET 1963 | 21/05/2017 | C-2 | Books | ||||||
| Dewey Decimal Classification | Non-fiction | Central Library, University of Rajshahi | Central Library, University of Rajshahi | 03/12/1973 | U.S. Govt. | 536.7 LET 1963 | 22/05/2017 | C-3 | Books |